[Event "Druzynowe Mistrzostw Polski Juniorow - II Liga"]
[Site "Wroclaw"]
[Date "1899-12-30"]
[Round "1.79"]
[White "Kebel, Bartosz"]
[Black "Doroba, Ludwik"]
[Result "0-1"]
[WhiteTitle "II+"]
[BlackTitle "II"]
[WhiteElo "1607"]
[BlackElo "1421"]

1. Nf3 c5 2. c4 Nc6 3. Nc3 g6 4. e3 Bg7 5. d4 cxd4 6. exd4 d6 7. Be2 Nf6 8. d5
Ne5 9. Nxe5 dxe5 10. Bf3 O-O 11. O-O Qc7 12. Qe2 Re8 13. Nb5 Qb8 14. Bd2 e4 15.
Bxe4 Nxe4 16. Qxe4 Bf5 17. Qf3 Bxb2 18. Bf4 Be5 19. Bxe5 Qxe5 20. Rfe1 Qb8 21.
Rad1 Bd7 22. Nd4 Qc7 23. Rc1 b6 24. Re4 Rac8 25. Qe3 Qd6 26. Qh6 Qf6 27. Rh4 Qg7
28. Qe3 e6 29. d6 e5 30. Nf3 Rc6 31. Ng5 h6 32. Ne4 g5 33. Qf3 f5 34. Rh5 fxe4
35. Qxe4 Rxd6 36. h4 Qg6 37. Qe2 Rd4 0-1

[Event "Druzynowe Mistrzostw Polski Juniorow - II Liga"]
[Site "Wroclaw"]
[Date "1899-12-30"]
[Round "1.80"]
[White "Rumniak, Aleksy"]
[Black "Sleczka, Krzysztof"]
[Result "0-1"]
[WhiteTitle "II"]
[BlackTitle "II+"]
[WhiteElo "1291"]
[BlackElo "1443"]

1. e4 e5 2. Nf3 Nc6 3. Bc4 Nf6 4. d3 Bc5 5. O-O d6 6. c3 Bb6 7. Re1 Bg4 8. Nbd2
O-O 9. Nf1 d5 10. exd5 Nxd5 11. h3 Bh5 12. Ng3 Bg6 13. Nxe5 Nxe5 14. Rxe5 c6 15.
Qf3 Bc7 16. Re2 b5 17. Bb3 Kh8 18. d4 f5 19. a4 a6 20. Bc2 f4 21. Ne4 Qh4 22.
Qg4 Qh6 23. Qg5 Qxg5 24. Nxg5 Bxc2 25. Rxc2 Rae8 26. Bd2 Re2 27. axb5 axb5 28.
Re1 Rxe1+ 29. Bxe1 Re8 30. Kf1 h6 31. Nf3 Kg8 32. Re2 Rd8 33. Ne5 Rd6 34. Bd2
g5 35. Nd3 Kf7 36. h4 Kf6 37. hxg5+ hxg5 38. Nc5 Kf7 39. g3 f3 40. Re4 Rh6 41.
Kg1 Rh5 42. Re6 Ne7 43. Re4 Nd5 44. Re6 Ne7 45. Re3 g4 46. Re4 Rh8 47. Rxg4 Ra8
48. Re4 Ra2 49. Nd3 Nd5 50. Re1 Kf6 51. Bc1 Bd6 52. Kf1 Ra7 53. Rd1 Rh7 54. Kg1
Ra7 55. Ne1 Nb6 56. Nxf3 b4 57. Kg2 Ra2 58. Nd2 Na4 59. Ne4+ Ke6 60. cxb4 0-1

[Event "Druzynowe Mistrzostw Polski Juniorow - II Liga"]
[Site "Wroclaw"]
[Date "1899-12-30"]
[Round "1.81"]
[White "Uhryn, Mateusz"]
[Black "Wolski, Ernest"]
[Result "1/2-1/2"]
[WhiteTitle "I"]
[BlackTitle "II"]
[WhiteElo "1482"]
[BlackElo "1216"]

1. c4 e5 2. Nc3 f5 3. d3 Nf6 4. g3 Be7 5. Bg2 O-O 6. e4 fxe4 7. dxe4 d6 8. Nge2
Qe8 9. O-O Kh8 10. Nd5 Nxd5 11. cxd5 Qh5 12. Qc2 Bg4 13. Qxc7 Bxe2 14. Qxe7 Na6
15. Re1 Nb4 16. Bf1 Bf3 17. Bd2 Nc2 18. Rac1 Nxe1 19. Rxe1 Qf7 20. Qxd6 Bxe4 21.
f4 Bxd5 22. Rxe5 Bxa2 23. Re7 Qd5 24. Qxd5 Bxd5 25. Bc3 Rf7 26. Re5 Bc6 27. Bg2
Bxg2 28. Kxg2 a6 29. Kf3 h6 30. h4 Kh7 31. Kg4 b5 32. b4 Rb7 33. Re4 Rab8 34.
Re6 Rb6 35. Re7 Rg6+ 36. Kh3 Rc8 37. h5 Rxg3+ 38. Kxg3 Rxc3+ 39. Kg4 Rc4 40. Re6
Rxb4 41. Rxa6 Rb1 42. Rb6 b4 43. Rb8 b3 44. Kg3 Rg1+ 45. Kh2 Rg4 46. Kh3 Rxf4
47. Rxb3 1/2-1/2

[Event "Druzynowe Mistrzostw Polski Juniorow - II Liga"]
[Site "Wroclaw"]
[Date "1899-12-30"]
[Round "1.83"]
[White "Luniewska, Daria"]
[Black "Matyjasek, Michalina"]
[Result "0-1"]
[WhiteTitle "I"]
[BlackTitle "I"]
[WhiteElo "1419"]
[BlackElo "1438"]

1. d4 d5 2. Nf3 Nf6 3. Bf4 Bf5 4. e3 e6 5. Bd3 Bg4 6. Nbd2 Bd6 7. Bg3 O-O 8. c3
Bh5 9. Qc2 Bg6 10. Ne5 Bxd3 11. Qxd3 b6 12. h4 Nh5 13. Bh2 Qxh4 14. Ndf3 Qe4 15.
Qxe4 dxe4 16. Nd2 f5 17. O-O-O Nf6 18. Rdg1 Nbd7 19. Ndc4 Bxe5 20. Nxe5 c5 21.
Bf4 Rac8 22. Nxd7 Nxd7 23. g4 Nf6 24. gxf5 exf5 25. Kd2 cxd4 26. exd4 Nd5 27.
Be5 g6 28. Rh3 b5 29. a3 Rf7 30. Rc1 Rc6 31. Rg3 f4 32. Rg2 e3+ 33. fxe3 Nxe3
34. Rf2 Nd5 35. Rcf1 g5 36. Rg1 h6 37. Rh2 f3 38. Rf2 Kh7 39. Rg3 Nf6 40. Bxf6
Rcxf6 41. Ke3 0-1

[Event "Druzynowe Mistrzostw Polski Juniorow - II Liga"]
[Site "Wroclaw"]
[Date "1899-12-30"]
[Round "1.84"]
[White "Piotrowska, Weronika"]
[Black "Klintsevich, Aliaksandra"]
[Result "0-1"]
[WhiteTitle "II"]
[BlackTitle "I"]
[WhiteElo "1140"]
[BlackElo "1428"]

1. e4 c5 2. Nf3 Nc6 3. d4 cxd4 4. Nxd4 g6 5. Nc3 Bg7 6. Be3 Nf6 7. f3 d6 8. Bc4
O-O 9. Qd2 Bd7 10. Bb3 Rc8 11. O-O-O Na5 12. Kb1 Nxb3 13. Nxb3 a6 14. Bh6 b5 15.
h4 Qc7 16. Rc1 a5 17. g4 a4 18. Nd4 Qc4 19. h5 Bxh6 20. Qxh6 Qxd4 21. hxg6 fxg6
22. Nd5 Rf7 23. Rcd1 Qe5 24. Nf4 Rg7 25. g5 Qxf4 26. gxf6 Qxf6 27. Qe3 b4 28.
a3 bxa3 29. Qxa3 Rb8 30. Rhf1 Bb5 31. Qb4 Rb7 32. Rf2 Rf7 33. Rd5 Bc6 34. Qc4
Qxb2# 0-1

[Event "Druzynowe Mistrzostw Polski Juniorow - II Liga"]
[Site "Wroclaw"]
[Date "1899-12-30"]
[Round "1.85"]
[White "Wesolek, Krzysztof"]
[Black "Kaczmarek, Jan"]
[Result "0-1"]
[WhiteTitle "I"]
[BlackTitle "II+"]
[WhiteElo "1747"]
[BlackElo "1596"]

1. e4 c5 2. Nf3 g6 3. d4 cxd4 4. Qxd4 Nf6 5. c4 Nc6 6. Qe3 d6 7. Nc3 Bg7 8. Be2
O-O 9. h3 Nd7 10. O-O Nc5 11. Rd1 a5 12. Nb5 Nb4 13. Ne1 Bd7 14. a3 Nc6 15. Nf3
a4 16. Nd2 f5 17. f3 f4 18. Qf2 Ne5 19. Rb1 Ned3 20. Bxd3 Nxd3 21. Qe2 Qb6+ 22.
Kh2 Qe3 23. Qf1 Nxc1 24. Rbxc1 Bxb5 25. cxb5 Bxb2 26. Nc4 Bxc1 27. Nxe3 Bxe3 28.
Qc4+ Kh8 29. Qc7 Bc5 30. Rd3 Rfe8 31. Qxb7 Rac8 32. Qd5 Bf2 33. e5 Rc5 34. exd6
Rxd5 35. d7 Rxd7 36. Rxd7 Bg3+ 37. Kg1 Rc8 38. Kf1 Rb8 39. Rxe7 Rxb5 40. Ra7 Re5
0-1

[Event "Druzynowe Mistrzostw Polski Juniorow - II Liga"]
[Site "Wroclaw"]
[Date "1899-12-30"]
[Round "1.86"]
[White "Gluszynski, Michal"]
[Black "Ostojski, Dawid"]
[Result "1/2-1/2"]
[WhiteTitle "II"]
[BlackTitle "II"]
[WhiteElo "1513"]
[BlackElo "1337"]

1. d4 d5 2. Bf4 c5 3. e3 cxd4 4. exd4 Nc6 5. c3 Nf6 6. Nd2 Bf5 7. Ngf3 a6 8. Be2
e6 9. Ne5 Bd6 10. Bg3 Ne4 11. Nxe4 Bxe4 12. f3 Bf5 13. f4 Bxe5 14. fxe5 Rc8 15.
O-O O-O 16. Bd3 Ne7 17. Bh4 Bxd3 18. Qxd3 Qd7 19. Qg3 Ng6 20. Bg5 h6 21. Bd2 Kh7
22. h4 f5 23. exf6 Rxf6 24. Rxf6 gxf6 25. h5 Nf8 26. Rf1 Qg7 27. Qe3 Rc7 28. Rf3
f5 29. Qf4 Rf7 30. Rg3 Qf6 31. Be1 Rg7 32. Rxg7+ Qxg7 33. Bh4 Qf7 34. g4 Qg7 35.
g5 hxg5 36. Bxg5 Qf7 37. Qh4 Qg7 38. Kf2 Kg8 39. Bf6 Qh6 40. Qg5+ Qxg5 41. Bxg5
Nh7 42. Bc1 Nf6 43. h6 Kh7 44. Kf3 Ng4 45. Bd2 b5 46. b3 Nxh6 47. Kf4 Ng4 48.
Kg5 Nf2 49. Be3 Ne4+ 50. Kf4 Kg6 51. Ke5 Kf7 52. a4 bxa4 53. bxa4 Nxc3 54. a5
Ne4 55. Bc1 Nc3 56. Bd2 Ne2 57. Be1 Nc1 58. Bd2 Nd3+ 59. Kd6 f4 60. Kc6 f3 61.
Be3 f2 62. Bxf2 Nxf2 63. Kb6 e5 64. Kxa6 exd4 65. Kb6 d3 66. a6 d2 67. a7 d1=Q
68. a8=Q Qb3+ 69. Kc7 Qg3+ 70. Kb6 Qd6+ 71. Kb5 Qd7+ 72. Kc5 Qe7+ 73. Kc6 Ne4
74. Kxd5 Nf6+ 75. Kc4 Qe2+ 76. Kb4 Qe7+ 77. Kc4 Qc7+ 78. Kb5 Qe5+ 79. Ka6 Qa1+
80. Kb7 Qb2+ 81. Ka6 Qa3+ 82. Kb7 Qb4+ 83. Ka6 Qa4+ 84. Kb7 Qb5+ 85. Kc8 Qc5+
86. Kb7 Nd5 87. Qd8 Qb5+ 88. Ka7 Ne7 89. Qc7 Ke6 90. Qb6+ Nc6+ 91. Kb7 Qxb6+ 92.
Kxb6 Ke5 1/2-1/2

[Event "Druzynowe Mistrzostw Polski Juniorow - II Liga"]
[Site "Wroclaw"]
[Date "1899-12-30"]
[Round "1.88"]
[White "Stachowiak, Bruno"]
[Black "Wrzodak, Natalia"]
[Result "1-0"]
[WhiteTitle "II"]
[BlackTitle "I"]
[WhiteElo "1462"]
[BlackElo "1133"]

1. e4 e5 2. Nf3 Nc6 3. Bc4 Bc5 4. b4 Bb6 5. a4 a6 6. O-O d6 7. c3 h6 8. d4 exd4
9. cxd4 Bg4 10. Qb3 Bh5 11. Bb2 Qe7 12. Nbd2 O-O-O 13. a5 Ba7 14. b5 axb5 15.
Bxb5 Bxf3 16. Bxc6 bxc6 17. Nxf3 Kd7 18. d5 cxd5 19. Qb5+ c6 20. Qb7+ Ke8 21.
Qxc6+ Kf8 22. exd5 Nf6 23. Rfe1 Qd7 24. Bxf6 gxf6 25. Rab1 Qxc6 26. dxc6 Rc8 27.
Rec1 Bc5 28. Nh4 Rxc6 29. Nf5 Rc8 30. a6 Ra8 31. Rb7 h5 32. a7 Kg8 33. Nh6+ Kg7
34. Nxf7 Rxa7 35. Rxa7 Bxa7 36. Nxh8 Kxh8 37. Rc8+ Kg7 38. Rc7+ Kg6 39. Rxa7 Kf5
40. Re7 d5 41. Kf1 d4 42. Ke2 Kf4 43. Kd3 f5 44. Kxd4 h4 45. g3+ hxg3 46. hxg3+
Kf3 47. Re5 Kxf2 48. Rxf5+ Kxg3 49. Ke3 Kg4 50. Ra5 Kg3 51. Rg5+ Kh4 52. Kf4 Kh3
53. Rg4 Kh2 54. Kf3 Kh3 55. Ra4 Kh2 56. Ra1 Kh3 57. Rh1# 1-0

[Event "Druzynowe Mistrzostw Polski Juniorow - II Liga"]
[Site "Wroclaw"]
[Date "1899-12-30"]
[Round "1.90"]
[White "Pniewska, Beata"]
[Black "Podoba, Hanna"]
[Result "1-0"]
[WhiteTitle "I"]
[BlackTitle "I"]
[WhiteElo "1361"]
[BlackElo "1101"]

1. d4 d5 2. Bg5 Nf6 3. Bxf6 exf6 4. e3 b6 5. Bd3 Bb7 6. Qf3 Nd7 7. Ne2 g6 8. Nd2
f5 9. g4 fxg4 10. Qxg4 Nf6 11. Qg5 Be7 12. Nf4 Qd6 13. Qg3 Rg8 14. a3 a5 15. Nf3
Nd7 16. Rg1 c6 17. Ng5 Bxg5 18. Qxg5 Qf6 19. h4 Rc8 20. h5 Qxg5 21. Rxg5 Ke7 22.
O-O-O f6 23. Rg3 gxh5 24. Nxh5 Rxg3 25. Nxg3 Rh8 26. Rh1 Nf8 27. Nf5+ Ke6 28.
Nh6 Ke7 29. Rg1 Bc8 30. Rg7+ Ke8 31. Nf7 Ne6 32. Nd6+ Kd8 33. Rxh7 Rxh7 34. Bxh7
Ng5 35. Nxc8 Kxc8 36. Bf5+ Kc7 37. Kd2 Kd6 38. Ke2 c5 39. dxc5+ bxc5 40. f4 Nf7
41. Kd3 Nd8 42. c4 Nc6 43. cxd5 Ne7 44. Be6 Nxd5 45. Bxd5 Kxd5 46. e4+ Kc6 47.
Kc4 Kd6 48. e5+ fxe5 49. fxe5+ Kxe5 50. Kxc5 Ke6 51. Kb5 Kd6 52. Kxa5 1-0

[Event "Druzynowe Mistrzostw Polski Juniorow - II Liga"]
[Site "Wroclaw"]
[Date "1899-12-30"]
[Round "1.91"]
[White "Bartlomowicz, Jakub"]
[Black "Smuda, Tomasz"]
[Result "0-1"]
[WhiteTitle "I"]
[BlackTitle "I"]
[WhiteElo "1922"]
[BlackElo "1515"]

1. e4 c5 2. Nf3 e6 3. d4 cxd4 4. Nxd4 Bc5 5. Nb3 Bb6 6. Bd3 Ne7 7. O-O O-O 8. c4
f5 9. exf5 Nxf5 10. Nc3 Nc6 11. Bf4 Qh4 12. Qd2 h6 13. c5 Bd8 14. Bxf5 Rxf5 15.
Bd6 b6 16. Rad1 Ba6 17. Rfe1 Bg5 18. f4 Bxf4 19. Bxf4 Rxf4 20. Qxd7 Qf2+ 21. Kh1
Raf8 22. Qxe6+ Kh8 23. h3 Nb4 24. Nd2 Nc2 25. Rg1 Bc8 26. Qe2 Qh4 27. Nf3 Rxf3
28. gxf3 Qxh3+ 29. Qh2 Qxf3+ 30. Rg2 Bb7 31. Rd6 Qf1+ 32. Qg1 Bxg2+ 33. Kh2 Qf4+
34. Kxg2 Ne3+ 35. Kh3 Qf5+ 36. Kh2 Qh5+ 37. Kg3 Qg5+ 38. Kh2 Qh4# 0-1

[Event "Druzynowe Mistrzostw Polski Juniorow - II Liga"]
[Site "Wroclaw"]
[Date "1899-12-30"]
[Round "1.92"]
[White "Rzepka, Marcin"]
[Black "Bochenek, Ryszard"]
[Result "1/2-1/2"]
[WhiteTitle "II"]
[BlackTitle "II+"]
[WhiteElo "1314"]
[BlackElo "1544"]

1. Nf3 Nf6 2. g3 g6 3. b4 Bg7 4. Bb2 O-O 5. Bg2 d6 6. O-O c6 7. d3 Qc7 8. Nbd2
e5 9. c4 Nbd7 10. Qc2 d5 11. a3 Re8 12. cxd5 Nxd5 13. e4 N5f6 14. Rac1 a6 15.
Nc4 Bh6 16. Rcd1 Bg7 17. Rfe1 Ng4 18. h3 Nh6 19. d4 f5 20. exf5 Nxf5 21. dxe5
Nb6 22. Nxb6 Qxb6 23. g4 Nh6 24. Bd4 Qc7 25. Bc5 Be6 26. Bd6 Qb6 27. Bc5 Qc7 28.
Bd6 Qb6 29. Ng5 Nf7 30. Nxf7 Bxf7 31. Bc5 Qc7 32. Bd6 Qb6 33. Bc5 Qc7 34. Bd6
Qb6 1/2-1/2

[Event "Druzynowe Mistrzostw Polski Juniorow - II Liga"]
[Site "Wroclaw"]
[Date "1899-12-30"]
[Round "1.93"]
[White "Blaszkiewicz, Jakub"]
[Black "Kubik, Bartosz"]
[Result "0-1"]
[WhiteTitle "II"]
[BlackTitle "II"]
[WhiteElo "1405"]
[BlackElo "1224"]

1. e4 e5 2. Nf3 Nc6 3. d4 exd4 4. Nxd4 Nf6 5. Nc3 Bb4 6. Nxc6 bxc6 7. Bd3 O-O 8.
O-O h6 9. Ne2 Re8 10. Ng3 d5 11. exd5 cxd5 12. c3 Bc5 13. b4 Bb6 14. Bb2 Bb7 15.
Nf5 a5 16. bxa5 Rxa5 17. Qf3 Ne4 18. c4 d4 19. Rfe1 Rae5 20. Qg4 Qf6 21. Bxe4
Rxe4 22. Rxe4 Rxe4 23. Qh3 Re2 24. Ba3 d3 25. Rb1 d2 26. Bb4 Rxf2 27. c5 Rxf5
28. cxb6 Qd4+ 29. Kh1 d1=Q+ 0-1

[Event "Druzynowe Mistrzostw Polski Juniorow - II Liga"]
[Site "Wroclaw"]
[Date "1899-12-30"]
[Round "1.97"]
[White "Goral, Bartosz"]
[Black "Borowik, Wojciech"]
[Result "0-1"]
[WhiteTitle "III"]
[BlackTitle "I++"]
[WhiteElo "1065"]
[BlackElo "1746"]

1. d4 Nf6 2. Bf4 e6 3. e3 c5 4. c3 Nc6 5. h3 b6 6. Nf3 Bb7 7. Nbd2 Rc8 8. Bd3 Be7
9. Rg1 cxd4 10. exd4 d6 11. Qe2 O-O 12. Ne4 Nd5 13. Bh2 Re8 14. O-O-O Ndb4 15.
Kb1 Nxd3 16. Qxd3 e5 17. dxe5 dxe5 18. Qxd8 Rcxd8 19. Rxd8 Rxd8 20. Ned2 f6 21.
Nb3 Ba6 22. Nfd2 Kf7 23. f3 f5 24. g4 g6 25. Bg3 Bg5 26. Rg2 Bh6 27. gxf5 gxf5
28. Bh4 Re8 29. Bg5 Bg7 30. Kc2 h6 31. Be3 Ne7 32. c4 Rc8 33. c5 Nd5 34. Bg1 Nb4+
35. Kd1 Nd3 36. cxb6 Nxb2+ 37. Ke1 Nd3+ 38. Kd1 Bf6 39. Bh2 Nb2+ 40. Ke1 Nd3+
41. Kd1 axb6 42. Nf1 f4 43. Rd2 Nb4 44. Rd7+ Ke6 45. Rd2 Bxf1 0-1

[Event "Druzynowe Mistrzostw Polski Juniorow - II Liga"]
[Site "Wroclaw"]
[Date "1899-12-30"]
[Round "1.98"]
[White "Pojawa, Jakub"]
[Black "Nowak, Feliks"]
[Result "1/2-1/2"]
[WhiteTitle "II"]
[BlackTitle "II"]
[WhiteElo "1369"]
[BlackElo "1412"]

1. d4 Nf6 2. c4 g6 3. Nf3 Bg7 4. g3 O-O 5. Bg2 d6 6. O-O Nc6 7. Re1 e5 8. d5 Ne7
9. e4 Ne8 10. Nc3 f5 11. Bg5 h6 12. Bxe7 Qxe7 13. Nh4 Kh7 14. exf5 gxf5 15. Qh5
Qg5 16. Qxg5 hxg5 17. Nf3 Kg6 18. Rac1 Bd7 19. h4 g4 20. Nd2 a6 21. b4 a5 22.
b5 b6 23. a4 Nf6 24. Ne2 Rae8 25. Rcd1 Nh5 26. f3 Nf6 27. f4 e4 28. Nf1 Bc8 29.
Nd4 Nh5 30. Kf2 Bxd4+ 31. Rxd4 Nf6 32. Nd2 Nd7 33. Nb3 Re7 34. Ke3 Rfe8 35. Rg1
Nf6 36. Bf1 Nh5 37. Rd2 Bd7 38. Be2 Kf6 39. Bd1 Kg6 40. Bc2 Kf6 41. Nd4 Kg6 42.
Nb3 1/2-1/2

[Event "Druzynowe Mistrzostw Polski Juniorow - II Liga"]
[Site "Wroclaw"]
[Date "1899-12-30"]
[Round "1.99"]
[White "Myszkowski, Jan"]
[Black "Bartnik, Michal"]
[Result "0-1"]
[WhiteTitle "II"]
[BlackTitle "II+"]
[WhiteElo "1076"]
[BlackElo "1591"]

1. d4 Nf6 2. Bg5 d5 3. e3 e6 4. f4 Be7 5. Nf3 Ne4 6. Bxe7 Qxe7 7. c3 O-O 8. Nbd2
Nxd2 9. Qxd2 c5 10. Bd3 f5 11. O-O Nd7 12. a3 c4 13. Bc2 b5 14. h3 0-1

[Event "Druzynowe Mistrzostw Polski Juniorow - II Liga"]
[Site "Wroclaw"]
[Date "1899-12-30"]
[Round "1.100"]
[White "Wawrukiewicz, Szymon"]
[Black "Ford, Nikodem"]
[Result "1-0"]
[WhiteTitle "II"]
[BlackTitle "III"]
[WhiteElo "1307"]
[BlackElo "1100"]

1. e4 e6 2. d4 d5 3. exd5 exd5 4. Bd3 Nf6 5. Nf3 Bd6 6. O-O O-O 7. Bg5 Bg4 8. h3
Bh5 9. Nbd2 c6 10. c3 Nbd7 11. Qc2 Bg6 12. Rfe1 Re8 13. Rxe8+ Qxe8 14. Re1 Qf8
15. Ne5 Bxe5 16. dxe5 Re8 17. f4 Bxd3 18. Qxd3 Nc5 19. Qe3 Nfd7 20. Bh4 1-0

[Event "Druzynowe Mistrzostw Polski Juniorow - II Liga"]
[Site "Wroclaw"]
[Date "1899-12-30"]
[Round "1.101"]
[White "Biniak, Zuzanna"]
[Black "Gladyszewska, Kinga"]
[Result "1/2-1/2"]
[WhiteTitle "I"]
[BlackTitle "I"]
[WhiteElo "1433"]
[BlackElo "1225"]

1. c4 e6 2. g3 d5 3. cxd5 exd5 4. Bg2 Nf6 5. Nf3 c6 6. d3 Bc5 7. O-O O-O 8. Nbd2
Be6 9. b3 Nbd7 10. Bb2 Qb6 11. e4 dxe4 12. dxe4 h6 13. Qe2 Rfe8 14. e5 Nd5 15.
Nc4 Qc7 16. h3 N7b6 17. Nfd2 Rad8 18. Ne4 Bf8 19. Ncd6 Bxd6 20. Nxd6 Rf8 21. Rac1
Qd7 22. Kh2 Nc8 23. Ba3 Nxd6 24. Bxd6 Rfe8 25. f4 Bxh3 26. Bxh3 Qxd6 27. Rfe1
Qe7 28. Qf2 Nb4 29. Bf1 Nd3 30. Bxd3 Rxd3 31. Re2 1/2-1/2

[Event "Druzynowe Mistrzostw Polski Juniorow - II Liga"]
[Site "Wroclaw"]
[Date "1899-12-30"]
[Round "2.1"]
[White "Kaliszuk, Kamil"]
[Black "Owoc, Jakub"]
[Result "1-0"]
[WhiteTitle "k"]
[BlackTitle "I"]
[WhiteElo "2088"]
[BlackElo "1756"]

1. e4 e5 2. Nf3 Nf6 3. Nc3 Nc6 4. a3 d5 5. Bb5 d4 6. Ne2 Bd6 7. d3 Bd7 8. c3 dxc3
9. bxc3 h6 10. Ng3 O-O 11. O-O Re8 12. h3 Bf8 13. Ba4 Rb8 14. Be3 b5 15. Bc2 Qc8
16. d4 a5 17. Qd3 Bd6 18. Nxe5 Bxe5 19. f4 Bxd4 20. Bxd4 Nxd4 21. cxd4 Nh7 22.
e5 Nf8 23. Nh5 Rb6 24. Qg3 Rg6 25. Bxg6 fxg6 26. Qb3+ Be6 27. d5 a4 28. Qa2 gxh5
29. dxe6 Qxe6 30. Qe2 Qb6+ 31. Kh1 c5 32. Rab1 b4 33. axb4 1-0

[Event "Druzynowe Mistrzostw Polski Juniorow - II Liga"]
[Site "Wroclaw"]
[Date "1899-12-30"]
[Round "2.2"]
[White "Krupinski, Mikolaj"]
[Black "Czernecki, Andrzej"]
[Result "1/2-1/2"]
[WhiteTitle "I"]
[BlackTitle "I"]
[WhiteElo "1747"]
[BlackElo "1876"]

1. e4 c5 2. Nf3 Nc6 3. d4 cxd4 4. Nxd4 Nf6 5. Nc3 d6 6. Bc4 e6 7. Be3 Qc7 8. Qe2
a6 9. O-O-O Be7 10. Nxc6 bxc6 11. g4 d5 12. g5 Nd7 13. exd5 cxd5 14. Bxd5 Rb8
15. Bb3 Bb7 16. Ba4 Bxh1 17. Rxd7 Qxh2 18. Rb7+ Kf8 19. f4 Bxb7 20. Qxh2 Rd8 21.
Bb6 Rc8 22. Qd2 Ra8 23. Qd7 Bf3 24. Ne2 Bxe2 25. Bc6 Bb5 26. a4 Bxc6 27. Qxc6
Re8 28. Bd4 Rd8 29. c3 h5 30. gxh6 Rxh6 31. Qg2 Rg6 32. Qf1 Rd5 33. b4 Kg8 34.
Qxa6 Bxb4 35. cxb4 Rxd4 36. b5 Rxf4 37. b6 Rf2 38. Qa8+ Kh7 39. Qh1+ Rh6 40. Qxh6+
gxh6 41. b7 Ra2 42. b8=Q Rxa4 43. Qc7 Ra1+ 44. Kd2 Rf1 45. Qc2+ Rf5 46. Ke3 Kg7
47. Qc3+ Kh7 48. Ke4 Kg8 49. Qc7 Kh7 50. Qe7 Kg7 51. Qd8 1/2-1/2

[Event "Druzynowe Mistrzostw Polski Juniorow - II Liga"]
[Site "Wroclaw"]
[Date "1899-12-30"]
[Round "2.3"]
[White "Wandor, Adam"]
[Black "Piatek, Szymon"]
[Result "1/2-1/2"]
[WhiteTitle "II"]
[BlackTitle "II"]
[WhiteElo "1571"]
[BlackElo "1322"]

1. e4 c5 2. Nf3 g6 3. d4 cxd4 4. Nxd4 Nc6 5. c4 Nf6 6. Nc3 d6 7. Be2 Nxd4 8. Qxd4
Bg7 9. Be3 O-O 10. Qd2 Qa5 11. O-O Be6 12. f3 Rfc8 13. b3 a6 14. Rac1 b5 15. Nd5
Qxd2 16. Bxd2 Nxd5 17. cxd5 Bd4+ 18. Kh1 Bd7 19. Rfd1 Kg7 20. Bg5 Bf6 21. Bf4
a5 22. Rxc8 Rxc8 23. Rc1 Rxc1+ 24. Bxc1 Bd4 25. g3 b4 26. Kg2 f5 27. Bg5 Kf7 28.
g4 fxg4 29. fxg4 a4 30. Kf3 axb3 31. axb3 Bc8 32. Bc4 e5 33. h3 Bd7 34. Be3 Bxe3
35. Kxe3 1/2-1/2

[Event "Druzynowe Mistrzostw Polski Juniorow - II Liga"]
[Site "Wroclaw"]
[Date "1899-12-30"]
[Round "2.4"]
[White "Gruca, Karol"]
[Black "Osinski, Maksymilian"]
[Result "1-0"]
[WhiteTitle "II"]
[BlackTitle "II"]
[WhiteElo "1346"]
[BlackElo "1329"]

1. e4 c5 2. Nf3 d6 3. d4 cxd4 4. Nxd4 Nf6 5. Nc3 g6 6. Be3 Bg7 7. f3 O-O 8. Qd2
Nc6 9. O-O-O d5 10. Nxc6 bxc6 11. Bh6 Bxh6 12. Qxh6 d4 13. e5 Ne8 14. Ne4 f6 15.
Bc4+ e6 16. h4 fxe5 17. h5 g5 18. Nxg5 Qe7 19. Nxe6 Rf6 20. Nf8+ Be6 21. Bxe6+
Qxe6 22. Nxe6 Rxh6 23. Nc5 Nf6 24. g4 Nd5 25. Rd2 Rf6 26. Nd7 Re6 27. Re1 Ne3
28. g5 Rd6 29. Rxe3 Rxd7 30. Rxe5 Rf8 31. Rf2 Kg7 32. Kd2 Rb8 33. b3 Rb6 34. Kd3
h6 35. f4 Rbb7 36. Re6 hxg5 37. fxg5 Rb5 38. Rg6+ Kh7 39. Rff6 c5 40. Rh6+ Kg7
41. Rfg6+ Kf8 42. Rh8+ Ke7 43. Rh7+ Kd8 44. Rxd7+ Kxd7 45. h6 Rb8 46. Rg7+ Ke6
47. h7 Rh8 48. g6 1-0

[Event "Druzynowe Mistrzostw Polski Juniorow - II Liga"]
[Site "Wroclaw"]
[Date "1899-12-30"]
[Round "2.5"]
[White "Egeman, Emilia"]
[Black "Szopa, Emilia"]
[Result "1/2-1/2"]
[WhiteTitle "I++"]
[BlackTitle "I++"]
[WhiteElo "1852"]
[BlackElo "1816"]

1. Nf3 d6 2. d4 Nd7 3. Bf4 Ngf6 4. e3 a6 5. Bd3 g6 6. Nbd2 Bg7 7. Qe2 O-O 8. O-O-O
b5 9. h4 h5 10. e4 c5 11. e5 c4 12. exf6 cxd3 13. Qxe7 dxc2 14. Rde1 Nxf6 15.
Bxd6 Nd5 16. Qxd8 Rxd8 17. Bc5 Bf5 18. g3 Bh6 19. Ne5 Rac8 20. f4 f6 21. Nef3
Rxc5 22. dxc5 Nb4 23. Ne4 Nd3+ 24. Kxc2 Nxc5 25. Nfd2 Re8 26. Kc3 Nxe4+ 27. Nxe4
Bxe4 28. Rh2 f5 29. Rd2 Bg7+ 30. Kb4 Re6 31. Rd8+ Bf8+ 32. Ka5 Kf7 33. Red1 Bc6
34. Rc8 Be7 35. Rc7 Ke8 36. Rc8+ Kf7 37. Rc7 Ke8 38. Rc8+ Kf7 39. Rc7 Ke8 40.
Rc8+ Kf7 41. Rc7 1/2-1/2

[Event "Druzynowe Mistrzostw Polski Juniorow - II Liga"]
[Site "Wroclaw"]
[Date "1899-12-30"]
[Round "2.6"]
[White "Pajak, Patrycja"]
[Black "Kaminska, Zuzanna"]
[Result "0-1"]
[WhiteTitle "I"]
[BlackTitle "I"]
[WhiteElo "1078"]
[BlackElo "1201"]

1. e4 e5 2. Nf3 Nc6 3. Bc4 Nf6 4. d3 Bc5 5. O-O d6 6. c3 Be6 7. Bb3 Bg4 8. Nbd2
Qd7 9. a4 a6 10. Bc2 Ba7 11. Nc4 h6 12. Be3 Bh5 13. Bxa7 Rxa7 14. b4 Nd8 15. Qe2
Ne6 16. Qe3 Ra8 17. Nh4 Nf4 18. Nf5 Kf8 19. Ng3 Ng4 20. Qd2 Qe7 21. Nf5 Qg5 22.
g3 Nf6 23. f3 d5 24. Nce3 Rd8 25. Kf2 Nh3+ 26. Kg2 Nf4+ 27. Kf2 dxe4 28. fxe4
Nxe4+ 29. dxe4 Rxd2+ 30. Ke1 Re2+ 31. Kd1 Rxe3+ 32. Kc1 Nd3+ 33. Bxd3 Rxd3+ 34.
Kc2 Qd2+ 35. Kb3 Rxc3# 0-1

[Event "Druzynowe Mistrzostw Polski Juniorow - II Liga"]
[Site "Wroclaw"]
[Date "1899-12-30"]
[Round "2.7"]
[White "Rog, Bartlomiej"]
[Black "Dziendziel, Mateusz"]
[Result "1-0"]
[WhiteTitle "k"]
[BlackTitle "I"]
[WhiteElo "2091"]
[BlackElo "1884"]

1. e4 c5 2. Nf3 d6 3. d4 Nf6 4. Nc3 cxd4 5. Nxd4 g6 6. Be3 Bg7 7. Qd2 O-O 8. f3
Nc6 9. O-O-O d5 10. Nxc6 bxc6 11. Bh6 Bxh6 12. Qxh6 e5 13. Qg5 Qd6 14. exd5 cxd5
15. h4 Kg7 16. h5 h6 17. Qd2 Nxh5 18. Qxd5 Qxd5 19. Rxd5 Ng3 20. Rg1 f6 21. Rc5
Be6 22. Ba6 Rad8 23. Rd1 Rxd1+ 24. Kxd1 Rd8+ 25. Ke1 Rd7 26. Bc8 Re7 27. Bxe6
Rxe6 28. Rc7+ Kf8 29. Rxa7 Nf5 30. Nd5 e4 31. Nf4 Re8 32. Nxg6+ Kg8 33. fxe4 Rxe4+
34. Kf2 Nd6 35. Kf3 Re1 36. Rd7 Nf7 37. Kf2 Ra1 38. Ra7 Rb1 39. Ne7+ Kf8 40. Nf5
Ne5 41. b3 Rb2 42. Ne3 Ke8 43. Ke2 Rb1 44. Nd5 Nd7 45. a4 Rg1 46. Ne3 Kd8 47.
a5 Kc8 48. a6 Rb1 49. Nd5 1-0

[Event "Druzynowe Mistrzostw Polski Juniorow - II Liga"]
[Site "Wroclaw"]
[Date "1899-12-30"]
[Round "2.8"]
[White "Herwy, Jakub"]
[Black "Czechowski, Jakub"]
[Result "1-0"]
[WhiteTitle "I++"]
[BlackTitle "I++"]
[WhiteElo "1905"]
[BlackElo "2003"]

1. e4 e5 2. Nc3 Nf6 3. Bc4 Bb4 4. Nge2 O-O 5. O-O Nxe4 6. Nxe4 d5 7. a3 Be7 8.
d4 exd4 9. Bxd5 Qxd5 10. Qxd4 Qxd4 11. Nxd4 Rd8 12. c3 c6 13. Bf4 Na6 14. Rad1
Bd7 15. c4 Rac8 16. Bd6 Bxd6 17. Nxd6 Rb8 18. f3 Nc5 19. b4 Ne6 20. Nxe6 Bxe6
21. Nxb7 Rxd1 22. Rxd1 Bxc4 23. Rd8+ Rxd8 24. Nxd8 Bd5 25. Nb7 Kf8 26. Kf2 Ke7
27. Ke3 Kd7 28. Nc5+ Kc7 29. Kd4 Kb6 30. Na4+ Kc7 31. Kc5 h5 32. Nc3 Be6 33. f4
f6 34. Ne2 g5 35. Nd4 Bd7 36. g3 gxf4 37. gxf4 f5 38. h4 1-0

[Event "Druzynowe Mistrzostw Polski Juniorow - II Liga"]
[Site "Wroclaw"]
[Date "1899-12-30"]
[Round "2.9"]
[White "Lewek, Jakub"]
[Black "Lecki, Leonard"]
[Result "0-1"]
[WhiteTitle "II"]
[BlackTitle "I"]
[WhiteElo "1277"]
[BlackElo "1612"]

1. e4 e5 2. Nf3 Nf6 3. Nc3 Nc6 4. h3 Bb4 5. Bb5 O-O 6. O-O Bxc3 7. bxc3 Nxe4 8.
Bxc6 bxc6 9. Nxe5 Qf6 10. Ng4 Qg6 11. Ba3 Re8 12. Re1 d5 13. Ne3 Bxh3 14. g4 h5
15. f3 Nf6 16. Nf5 hxg4 17. Ne7+ Rxe7 18. Rxe7 gxf3+ 19. Kf2 Qg2+ 20. Ke3 Ng4+
21. Kd4 Qf2+ 22. Re3 Nxe3 23. dxe3 Re8 24. Qd3 Re4+ 25. Kc5 Qxe3+ 26. Qxe3 Rxe3
0-1

[Event "Druzynowe Mistrzostw Polski Juniorow - II Liga"]
[Site "Wroclaw"]
[Date "1899-12-30"]
[Round "2.10"]
[White "Radzimski, Antoni"]
[Black "Ziobrowski, Wojciech"]
[Result "1-0"]
[WhiteTitle "I"]
[BlackTitle "II"]
[WhiteElo "1627"]
[BlackElo "1145"]

1. e4 c5 2. Nf3 d6 3. d4 cxd4 4. Nxd4 Nf6 5. Nc3 a6 6. h4 e5 7. Nb3 Be6 8. f4 Bg4
9. Be2 Bxe2 10. Qxe2 Nbd7 11. Be3 b5 12. O-O-O b4 13. Nd5 Nxe4 14. Qc4 Ng3 15.
Nc7+ Ke7 16. Qc6 Kf6 17. Nxa8 Nxh1 18. fxe5+ Nxe5 19. Rf1+ Ke6 20. Nc7+ Ke7 21.
Nd5+ Ke6 22. Nc5# 1-0